| 000 | 00653cam a22002411 4500 | ||
|---|---|---|---|
| 001 | 1068 | ||
| 003 | BD-RjUL | ||
| 005 | 20211208233254.0 | ||
| 008 | 131124s1959 xx 000 0 eng | ||
| 035 | _a(BD-RjUL) 1090 | ||
| 035 | _a(OCoLC)1040479 | ||
| 040 |
_aDLC _cNWM _dUk _dDLC _dBD-RjUL _beng |
||
| 041 | _aeng | ||
| 082 |
_a103 _bBRH 1959 |
||
| 100 | 1 |
_aBriggs, Michael H. _93152 |
|
| 245 | 0 | 0 |
_aHandbook of philosophy / _cMichael H. Briggs. |
| 260 |
_aNew York : _bPhilosophical Library, _c[1959] |
||
| 300 |
_a214 p. ; _c20 cm. |
||
| 650 | 0 |
_aPhilosophy _vDictionaries. _93153 |
|
| 942 |
_2ddc _cBK |
||
| 999 |
_c1068 _d1068 |
||